| 000 | 00794cam a2200289Mi 4500 | ||
|---|---|---|---|
| 001 | 95619 | ||
| 005 | 20230411090054.0 | ||
| 008 | 020501s1988 sp 000 0dspa d | ||
| 035 | _a(OCoLC)ocn630179838 | ||
| 040 |
_aESUDE _bspa _cESUDE _dOCL |
||
| 020 | _a8420630659 | ||
| 020 | _a9788420630656 | ||
| 035 | _a(OCoLC)630179838 | ||
| 080 | _a830 | ||
| 049 | _aGRAL | ||
| 100 | 1 |
_aRilke, Rainer Maria, _d1875-1926. |
|
| 245 | 1 | 4 |
_aLos apuntes de Malte Laurids Brigge / _cRainer Maria Rilke. |
| 260 |
_aMadrid : _bAlianza, _c1988. |
||
| 300 |
_a175 p. ; _c20 cm. |
||
| 650 | 0 | 4 |
_aLiteratura alemana - _ySiglo XX. |
| 650 | 4 | _aCES | |
| 650 | 4 | _aColeccion Enriquillo Sanchez | |
| 700 | 1 |
_aAyala, Francisco, _d(1906- ), _etr. |
|
| 942 |
_2lcc _cbk |
||
| 994 |
_aC0 _bDRFGD |
||
| 946 | _anc | ||
| 999 |
_c111988 _d111988 |
||